000 00393nam a2200145Ia 4500
008 100122s9999 xx 000 0 und d
082 _b21627
_a823
100 _aफडके ना सी
245 _aअंजली
260 _bपंडित अनंत कुलकर्णी
_c1969
300 _a271
630 _aअंजली
730 _aअंजली
942 _cBOOK
999 _c409583
_d409580